Vainqueurs de grand prix F1 en 2024 - Statistiques

Statistiques générales
  • Ce quiz a été pris 185 fois
    94 depuis la dernière actualisation
  • Le résultat moyen est 7 sur 7
Statistiques - réponses
Grand Prix Vainqueur % Correct
Bahreïn Verstappen
100%
Arabie Saoudite Verstappen
100%
Japon Verstappen
100%
Chine Verstappen
100%
Imola Verstappen
100%
Miami Norris
97%
Australie Sainz
91%
Aucun quiz correspondant
Distribution des résultats
% des personnes avec chaque résultat
Percentile par nombre de réponses
Votre historique - résultats
Vous n’avez pas pris ce quiz depuis la dernière actualisation